Movie Character Marriages Quiz Stats

 Plays Quiz Updated Jun 26, 2013

Challenge
Share
Tweet
Embed
Score 0/22 Timer 06:00
1 Play Today
Married Name Movie % Correct
Leia SoloStar Wars
97.7%
Lois KentSuperman
94.9%
Ann KongKing Kong
86.9%
Clarice LecterSilence of the Lambs
85.8%
Pebbles RubbleThe Flintstones
85.4%
Elizabeth SparrowPirates of the Caribbean
84.9%
Nyota KirkStar Trek
81.9%
Rose DawsonTitanic
80.9%
Sandy ZukoGrease
79.6%
Vicki WayneBatman
67.8%
Rapunzel RiderTangled
66.4%
Married Name Movie % Correct
Celia WazowskiMonsters Inc.
58.6%
Eliza HigginsMy Fair Lady
57.7%
Marian LocksleyThe Adventures of Robin Hood
55.7%
Sally McQueenCars
52.7%
Margaret 'Hot Lips' PierceM*A*S*H
52.6%
Dana VenkmanGhostbusters
51.7%
Buttercup 'Roberts'The Princess Bride
51.3%
Duchess O'MalleyThe Aristocats
39.4%
Ilsa Laszlo-BlaineCasablanca
37%
Marge LundegaardFargo
28.7%
Cassandra CampbellWayne's World
17.3%

You're not logged in!

Compare scores with friends on all Sporcle quizzes.
Join for Free
OR
Log In

You Might Also Like...

Show Comments

Extras

Top Quizzes Today


Score Distribution

Your Account Isn't Verified!

In order to create a playlist on Sporcle, you need to verify the email address you used during registration. Go to your Sporcle Settings to finish the process.

Report this User

Report this user for behavior that violates our Community Guidelines.

Details: